|
|
|
|
| LEADER |
00977nam a22002772a 4500 |
| 001 |
000305193 |
| 003 |
CZ BrMZK |
| 005 |
20140410084053.0 |
| 007 |
ta |
| 008 |
010907s1962 xr cze d |
| 015 |
|
|
|a cnb000518511
|
| 035 |
|
|
|a (OCoLC)85338533
|
| 040 |
|
|
|a BOA001
|b cze
|
| 100 |
1 |
|
|a Kocík, Jiří
|7 jk01060964
|4 aut
|
| 245 |
1 |
0 |
|a Barvení skla /
|c Jiří Kocík, Jiří Nebřenský
|
| 250 |
|
|
|a 1. vyd.
|
| 260 |
|
|
|a Praha :
|b Státní nakladatelství technické literatury,
|c 1962
|
| 300 |
|
|
|a 181 s.
|
| 504 |
|
|
|a Obsahuje bibliografii
|
| 500 |
|
|
|a Dostupné též v digitální podobě v aplikaci Kramerius
|
| 700 |
1 |
|
|a Nebřenský, Jiří
|7 jk01082817
|4 aut
|
| 856 |
4 |
1 |
|u http://www.digitalniknihovna.cz/mzk/uuid/uuid:bca3b8f0-22ff-11e6-8803-005056827e51
|y Digitalizovaný dokument
|x NDK
|
| 910 |
|
|
|a BOA001
|b 2-0469.514
|
| 990 |
|
|
|a BK
|
| 991 |
|
|
|b 201403
|
| 996 |
6 |
|
|b 2619847767
|c 2-0469.514
|l MZK
|r Sklad / do 24 hodin
|n 7
|w 000305193
|u 000010
|a 1
|e BOA001
|j MZK50
|s P
|